<?xml version="1.0" encoding="UTF-8"?><?xml-stylesheet type="text/xsl" href="static/style.xsl"?><OAI-PMH xmlns="http://www.openarchives.org/OAI/2.0/" xmlns:xsi="http://www.w3.org/2001/XMLSchema-instance" xsi:schemaLocation="http://www.openarchives.org/OAI/2.0/ http://www.openarchives.org/OAI/2.0/OAI-PMH.xsd"><responseDate>2026-04-17T04:15:24Z</responseDate><request verb="GetRecord" identifier="oai:www.recercat.cat:2099.1/15662" metadataPrefix="marc">https://recercat.cat/oai/request</request><GetRecord><record><header><identifier>oai:recercat.cat:2099.1/15662</identifier><datestamp>2025-07-22T18:56:42Z</datestamp><setSpec>com_2072_1033</setSpec><setSpec>col_2072_452951</setSpec></header><metadata><record xmlns="http://www.loc.gov/MARC21/slim" xmlns:dcterms="http://purl.org/dc/terms/" xmlns:xsi="http://www.w3.org/2001/XMLSchema-instance" xmlns:doc="http://www.lyncode.com/xoai" xsi:schemaLocation="http://www.loc.gov/MARC21/slim http://www.loc.gov/standards/marcxml/schema/MARC21slim.xsd">
   <leader>00925njm 22002777a 4500</leader>
   <datafield ind2=" " ind1=" " tag="042">
      <subfield code="a">dc</subfield>
   </datafield>
   <datafield ind2=" " ind1=" " tag="720">
      <subfield code="a">Paredes Castellano, Cristian</subfield>
      <subfield code="e">author</subfield>
   </datafield>
   <datafield ind2=" " ind1=" " tag="260">
      <subfield code="c">2012-06-14</subfield>
   </datafield>
   <datafield ind2=" " ind1=" " tag="520">
      <subfield code="a">En aquest projecte s’ha tractat de dissenyar i implementar, segons unes&#xd;
especificacions imposades, una màquina dosificadora de líquids per pes. Es a dir,&#xd;
es tracta del disseny complet y automatització d’una màquina capaç de dosificar&#xd;
envasos amb la restricció o control del pes.&#xd;
Per tal de poder dur a terme aquesta idea s’ha hagut d’estudiar i dissenyar&#xd;
gràficament la nostra màquina i les seves parts més importants i funcionals.&#xd;
Alhora hem hagut també d’implementar i dissenyar la instal·lació elèctrica i&#xd;
pneumàtica per tal de que el nostre sistema o objecte d’estudi pugui realitzar&#xd;
correctament les seves funcions.&#xd;
Per acabar, s’ha fet una valoració econòmica dels costos pertinents a la&#xd;
construcció i disseny del sistema i de la implementació de tots els elements&#xd;
necessaris per la realització d’aquesta.&#xd;
Això si, dir que en tot moment s’ha anat seguint i complint la normativa vigent&#xd;
relacionada amb les màquines i la seva seguretat, per tal d’obtindre així un&#xd;
sistema totalment segur i eficient.</subfield>
   </datafield>
   <datafield tag="653" ind2=" " ind1=" ">
      <subfield code="a">Àrees temàtiques de la UPC::Enginyeria electrònica</subfield>
   </datafield>
   <datafield tag="653" ind2=" " ind1=" ">
      <subfield code="a">Machinery -- Design and construction</subfield>
   </datafield>
   <datafield tag="653" ind2=" " ind1=" ">
      <subfield code="a">Maquinaria -- Disseny</subfield>
   </datafield>
   <datafield ind2="0" ind1="0" tag="245">
      <subfield code="a">Diseño y automatización de una máquina dosificadora de líquidos por peso</subfield>
   </datafield>
</record></metadata></record></GetRecord></OAI-PMH>